000 00771 a2200217 4500
001 63935
005 20260521160826.0
008 260521a1983 arg spa d
003 AR-UNSa-BCEJYS
040 _aAR-UNSa-BCEJYS
_bspa
_cAR-UNSa-BCEJYS
080 _a658.15
_xAdministración financiera privada. Gestión financiera de empresas
245 1 0 _aCuadernos de administración financiera
020 _a978-950-562-733-2
264 1 _aSanta Fe :
_bUniversidad Nacional del Litoral. Facultad de Ciencias Económicas
_c1983
300 _a2 v.
_c29 cm.
505 _aVol. I: 1. La función Financiera - 2. El contexto - 3. -- Vol. II: Apéndices
041 _aspa
942 _cBK
590 _aniveau_biblio:m niveau_hierar:0
100 1 _aCandioti, Eduardo María
999 _c36420
_d36420